000 01858cam a2200421 i 4500
999 _c5763
_d5763
001 ocn934406852
003 OCoLC
005 20200814170016.0
008 150824s2015 enk f bd 000 0 eng c
015 _aGBB5E8437
_2bnb
016 7 _a017576345
_2Uk
020 _a9780414051140
_q(hbk.)
020 _a0414051149
_q(hbk.)
029 1 _aAU@
_b000057004507
029 1 _aAU@
_b000057030013
029 1 _aUNITY
_b13721202X
029 1 _aUKMGB
_b017576345
035 _a(OCoLC)934406852
_z(OCoLC)920844117
040 _aCDX
_beng
_erda
_cCDX
_dOCLCO
_dOCLCQ
_dYDXCP
_dLTSCA
_dGUL
_dOCLCQ
_dOCLCF
_dLVT
_dZ5A
_dUKMGB
042 _apcc
043 _ae-uk---
049 _aTZAA
050 4 _aREF KD313
_b.J68 2015 (Vol. II)
245 0 0 _aJowitt's dictionary of English law, Vol. II, J - Z /
_cDaniel Greenberg, editor, Barrister ; Parliamentary Counsel, Berwin Leighton Paisner LLP ; Legal advisor, Office of Speaker's Counsel, House of Commons.
250 _aFourth edition.
300 _a2 volumes (xxi, 2636 pages) ;
_c24 cm
504 _aIncludes bibliographical references.
505 0 _aVolume 1: A-I. Volume 2: J-Z.
520 _a"Jowitt's Dictionary of English Law is the only truly authoritative dictionary of English law, defining every legal term used, both old and new - from "abandonment", in its many different contexts, to "zoonoses". It provides clarity on the meaning of words, when drafting, interpreting and understanding legal materials or for any other form of legal research." --Publisher's website.
650 0 _aLaw
_zGreat Britain
_vDictionaries.
650 7 _aLaw.
_2fast
650 7 _aLaw.
_2ukslc
651 7 _aGreat Britain.
_2fast
655 7 _aDictionaries.
_2fast
700 1 _aGreenberg, Daniel,
_eeditor.
700 1 _aJowitt, William Allen Jowitt,
_cEarl,
_d1885-1957.
_tDictionary of English law.
942 _2lcc
_cBOOK